|
|
|
|
| LEADER |
00000nam0a2200000 4500 |
| 001 |
353985 |
| 005 |
20231102010639.0 |
| 035 |
|
|
|a (RuTPU)RU\TPU\retro\11243
|
| 090 |
|
|
|a 353985
|
| 100 |
|
|
|a 20200610d1972 km y0rusy50 ca
|
| 101 |
0 |
|
|a rus
|
| 102 |
|
|
|a RU
|
| 105 |
|
|
|a a z 001zy
|
| 200 |
1 |
|
|a Оптимизация режимов обработки на металлорежущих станках
|f А. М. Гильман, Л. А. Брахман, Д. И. Батищев, Л. К. Матяева
|g под ред. М. И. Клушина
|
| 210 |
|
|
|a Москва
|c Машиностроение
|d 1972
|
| 215 |
|
|
|a 188 с.
|c ил.
|
| 320 |
|
|
|a Библиогр.: с. 192-186
|
| 606 |
1 |
|
|a Металлорежущие станки
|x Режимы резания
|x Расчет на вычислительных машинах
|x Режимы резания оптимальные
|x Расчет
|2 stltpush
|3 (RuTPU)RU\TPU\subj\42647
|9 62306
|
| 610 |
1 |
|
|a расчеты
|
| 610 |
1 |
|
|a методы
|
| 610 |
1 |
|
|a математическое описание
|
| 610 |
1 |
|
|a математические модели
|
| 610 |
1 |
|
|a нелинейное программирование
|
| 610 |
1 |
|
|a токарные станки
|
| 610 |
1 |
|
|a станки-автоматы
|
| 610 |
1 |
|
|a агрегатные станки
|
| 610 |
1 |
|
|a сверлильные станки
|
| 675 |
|
|
|a 621.9.06.014
|v 4
|
| 701 |
|
1 |
|a Гильман
|b А. М.
|g Аркадий Моисеевич
|
| 701 |
|
1 |
|a Брахман
|b Л. А.
|g Лев Александрович
|
| 701 |
|
1 |
|a Батищев
|b Д. И.
|g Дмитрий Иванович
|
| 701 |
|
1 |
|a Матяева
|b Л. К.
|g Людмила константиновна
|
| 702 |
|
1 |
|a Клушин
|b М. И.
|4 340
|
| 801 |
|
1 |
|a RU
|b 63413507
|c 20200610
|
| 801 |
|
2 |
|a RU
|b 63413507
|c 20201209
|g RCR
|
| 942 |
|
|
|c BK
|